Walden / (Record no. 145786)

MARC details
000 -LEADER
fixed length control field 00707nam a22002177a 4500
005 - DATE AND TIME OF LATEST TRANSACTION
control field 20180618113635.0
010 ## - LCCN (DPL NO)
LC control number 1718EN-30 ENgh-121685 B-686476-77
020 ## - INTERNATIONAL STANDARD BOOK NUMBER
International Standard Book Number 9789350330777
Terms of availability 175.00
035 ## - SYSTEM CONTROL NUMBER
System control number EN-105217
035 ## - SYSTEM CONTROL NUMBER
System control number B-686476-77
037 ## - SOURCE OF ACQUISITION
Source of stock number/acquisition Star Pub.
Stock number dpl
037 ## - SOURCE OF ACQUISITION
Source of stock number/acquisition DBAD/PUB
082 ## - DEWEY DECIMAL CLASSIFICATION NUMBER
Classification number N
100 ## - MAIN ENTRY--PERSONAL NAME
Personal name Thoreau, Henry David
245 ## - TITLE STATEMENT
Title Walden /
Statement of responsibility, etc by Henry David Thoreau
260 ## - PUBLICATION, DISTRIBUTION, ETC. (IMPRINT)
Place of publication, distribution, etc Noida
Name of publisher, distributor, etc Maple Press
Date of publication, distribution, etc 2017
270 ## - ADDRESS
Address A-63, Sector-58,
City Noida
Postal code 201301
300 ## - PHYSICAL DESCRIPTION
Extent 280p.
Dimensions 21cm(pbk)
942 ## - ADDED ENTRY ELEMENTS (KOHA)
Source of classification or shelving scheme Dewey Decimal Classification
Item type English Books
Call number suffix THO
Classification part N
Holdings
Withdrawn status Lost status Not for loan Collection code Home library Current library Date acquired Source of acquisition Cost, normal purchase price Full call number Barcode Copy number Cost, replacement price Koha item type
      Fiction Ashok Vihar Ashok Vihar 18/06/2018 Star pub-sp5268/28.11.17/680/20.11.17/6.1.18 175.00 N THO B-686477 1 175.00 English Books
      Fiction Central Library Central Library 18/06/2018 Star pub-sp5268/28.11.17/680/20.11.17/6.1.18 175.00 N THO B-686476 1 175.00 English Books
      Fiction Patel Nagar Patel Nagar 30/11/2017 DBAD/PUB 175.00 N THO EN-105217 1 175.00 English Books

© Delhi Public Library
Hit Counter
free hit counter